| 000 | 00549nam a22001577a 4500 | ||
|---|---|---|---|
| 999 |
_c535294 _d535294 |
||
| 020 | _qHard Cover. | ||
| 082 | _a620.1 | ||
| 100 | _aLashari, Ali Adil | ||
| 245 |
_aNumerical Study on Friction Induced Noise and its Relationship with Wear for two Bodies in Contact / _cAli Adil Lashari. |
||
| 260 |
_aIslamabad: _bPNEC NUST, _c2017. |
||
| 300 |
_a88 p. : _bill. ; _c30cm. |
||
| 942 |
_2ddc _cTHE |
||
| 650 |
_aMechanical Engineering MS-Thesis. _916090 |
||
| 700 |
_aDr. Muhammad Ali Khan _929779 |
||